[Event "32nd GER-ch Seniors-50 2020"]
[Site "Magdeburg"]
[Date "2020.08.17"]
[Round "4.7"]
[White "Pirrot, Dieter"]
[Black "Zuehlke, Burkhard"]
[Result "1-0"]
[WhiteElo "2319"]
[BlackElo "2005"]
[Annotator "TA"]
[PlyCount "49"]
[EventDate "2020.08.14"]
[EventType "swiss"]
[EventCountry "GER"]
[SourceTitle "playchess.com"]
[Source "ChessBase"]
[SourceQuality "1"]

{[%evp 15,49,45,79,55,79,35,117,113,210,213,197,187,286,294,282,267,279,283,310,284,231,273,275,283,275,258,386,374,465,342,1008,1045,1016,962,1455,1438]} 1. e4 d6 2. d4 Nf6 3. Nc3 g6 4. Bg5 Bg7 5. Qd2 h6 6. Bf4 g5 7. Bg3 Nh5 8. O-O-O Nc6 9. Qe3 {B07: Pirc Defence: Miscellaneous Systems.} e6 10. e5 {[#]} dxe5 $146 (10... Qe7 $14) ({Predecessor:} 10... d5 11. Nge2 Bd7 12. Qf3 Nxg3 13. Nxg3 f5 14. h4 g4 15. Qe3 h5 16. f4 Ne7 17. Bd3 {½-½ (17) Labollita,M (2407)-Tristan,L (2450) Buenos Aires 2011}) 11. Bxe5 $16 {White is better.} Nxe5 (11... Qe7 $16) 12. dxe5 $18 Qe7 {[#]} 13. g3 $1 (13. Qf3 Nf4 $11) 13... f5 (13... Bd7 {is a better defense.} 14. Bg2 Rb8) 14. Be2 (14. Qf3 g4 $14) 14... Qf7 15. f4 ({Weaker is} 15. Qf3 g4 $16) 15... Bd7 16. Bf3 c6 17. Nge2 Bf8 18. Qd4 ({Don't do} 18. Bxh5 $6 Qxh5 19. h4 (19. Qd4 Qf7 $16) 19... g4) 18... Ng7 19. Rd3 {Threatens to win with Rhd1.} g4 20. Bg2 {Hoping for Rhd1.} c5 (20... Qe7 {might work better.} 21. a3 Bc8) 21. Qc4 Rb8 22. Nb5 a6 $2 (22... Bc6) 23. Nc7+ {White is clearly winning.} Kd8 {[#]} 24. Nxa6 $1 {[%mdl 512]} b5 (24... bxa6 25. Bc6) 25. Qc3 {Black did not feel at home in the position after the opening. Accuracy: White = 83%, Black = 40%.} 1-0

[Event "32nd GER-ch Seniors-50 2020"]
[Site "Magdeburg"]
[Date "2020.08.17"]
[Round "4.8"]
[White "Steiger, Michael"]
[Black "Koehler, Gerhard"]
[Result "0-1"]
[WhiteElo "1982"]
[BlackElo "2213"]
[Annotator "TA"]
[PlyCount "52"]
[EventDate "2020.08.14"]
[EventType "swiss"]
[EventCountry "GER"]
[SourceTitle "playchess.com"]
[Source "ChessBase"]
[SourceQuality "1"]

{[%evp 19,52,49,57,45,64,31,66,42,58,60,64,65,88,86,93,85,77,-250,-158,-211,-212,-207,-208,-201,-204,-196,-177,-175,-189,-183,-175,-384,-379,-703,-710]} 1. Nf3 Nf6 2. c4 d6 3. d4 Nbd7 4. Nc3 e5 5. g3 Be7 6. Bg2 c6 7. e4 O-O 8. O-O Qc7 9. h3 Re8 10. Be3 Bf8 11. Qc2 {A55: Old Indian Defence with Nf3 and e4.} a6 12. d5 b6 13. Rac1 {[#] White is slightly better.} Bb7 $146 ({Predecessor:} 13... c5 14. Rb1 g6 15. b4 Bb7 16. Nd2 Reb8 17. a3 Bc8 18. Qd3 cxb4 19. axb4 a5 20. bxa5 Rxa5 {1-0 (37) Belous,V (2584)-Korniushin,N (2339) Vladivostok 2014}) 14. Nd2 Rac8 15. b4 b5 16. cxb5 cxd5 17. exd5 Nxd5 18. b6 $2 {[%mdl 8192] [#]} (18. Bxd5 $16 Bxd5 19. bxa6 (19. Nxd5 Qxc2 20. Rxc2 Rxc2 $11)) 18... N5xb6 ({Less strong is} 18... N7xb6 19. Nxd5 Qxc2 20. Rxc2 $17) 19. Qb3 (19. Nde4 $17) 19... Bxg2 $19 20. Kxg2 Qb7+ 21. Nce4 Nd5 22. Kh2 N5f6 23. Rxc8 Rxc8 24. Nxf6+ Nxf6 25. f4 $2 (25. Nc4) 25... Nd5 {[#] ...Rc3 is the strong threat.} 26. fxe5 $2 (26. Bf2 Rc3 27. Qb1) 26... Rc3 {[%mdl 64] Double Attack. White got outplayed after the opening. Accuracy: White = 46%, Black = 74%.} 0-1

[Event "32nd GER-ch Seniors-50 2020"]
[Site "Magdeburg"]
[Date "2020.08.18"]
[Round "5.1"]
[White "Lundin, Jan"]
[Black "Pitschka, Claus"]
[Result "1/2-1/2"]
[WhiteElo "2321"]
[BlackElo "2158"]
[Annotator "TA"]
[PlyCount "55"]
[EventDate "2020.08.14"]
[EventType "swiss"]
[EventCountry "GER"]
[SourceTitle "playchess.com"]
[Source "ChessBase"]
[SourceQuality "1"]

{[%evp 9,55,-39,-22,-20,-10,-13,16,11,9,38,56,76,72,59,81,80,97,-16,14,0,7,-64,-59,-56,-57,-41,0,0,36,-59,-56,-54,-73,-99,0,0,158,0,0,0,0,0,0,0,0,0,0,0]} 1. e4 d6 2. Nc3 e5 3. f4 exf4 4. Nf3 g5 5. d4 Bg7 {And now ...g4 would win.} 6. g3 {C30: King's Gambit Declined.} g4 7. Nh4 f3 8. Be3 Ne7 9. Qd2 Nbc6 10. O-O-O {[%mdl 1024] White has compensation.} h5 {[#]} 11. Re1 $146 ({Predecessor:} 11. h3 Bd7 12. Bc4 Be6 13. Nd5 Qd7 14. Bb3 Ng6 15. Nf5 Bxf5 16. exf5 Qxf5 17. hxg4 Qxg4 18. Nxc7+ Kd7 19. Nxa8 Rxa8 20. Qf2 Re8 21. Bd5 f5 22. Bxf3 {1-0 (22) Ponomariov,R (2712)-Dominguez Perez,L (2732) Huaian 2016}) 11... Ng8 12. h3 Nce7 13. Nf5 (13. Bg5 $16) 13... Bxf5 $11 14. exf5 Qd7 $36 {[%mdl 2048] Black is pushing.} ({But not} 14... Nxf5 $2 15. Bg5+ Nfe7 16. hxg4 $16) 15. hxg4 ({White should play} 15. Bg5 $1 $11) 15... hxg4 $15 16. Rxh8 Bxh8 17. Qh2 Bf6 18. Bd3 Nxf5 {[#]} 19. Bg5+ (19. Qh7 $1 $14 {[%mdl 512]} Nfe7 20. Nd5 $1 {[%mdl 512]}) 19... Kf8 20. Bxf6 Nxf6 {[#]} 21. Nd5 $1 {[%mdl 512] [#]} Re8 ({Black should try} 21... Ng8 $1 $17 22. Qh8 Re8 23. Rxe8+ Qxe8 24. Qxg8+ {[%mdl 64] Remove Defender, Decoy} Kxg8 25. Nf6+ {[#]} Kf8 $1 {[%mdl 512]} 26. Nxe8 Nxg3) (21... Nxd5 22. Qh8#) 22. Nxf6 $11 {[%cal Rh2h8]} ({Much weaker is} 22. Qh8+ Ng8 $17) 22... Rxe1+ 23. Kd2 Qe6 {White must now prevent ...Qe3+.The position is equal.} 24. Qh8+ Ke7 25. Ng8+ Kd7 26. Nf6+ {[%mdl 64] Double Attack} Ke7 27. Ng8+ Kd7 28. Nf6+ {[%mdl 64] Double Attack. Accuracy: White = 72%, Black = 80%.} 1/2-1/2

[Event "32nd GER-ch Seniors-50 2020"]
[Site "Magdeburg"]
[Date "2020.08.18"]
[Round "5.2"]
[White "Pirrot, Dieter"]
[Black "Schatz, Christian"]
[Result "1-0"]
[WhiteElo "2319"]
[BlackElo "2162"]
[Annotator "TA"]
[PlyCount "56"]
[EventDate "2020.08.14"]
[EventType "swiss"]
[EventCountry "GER"]
[SourceTitle "playchess.com"]
[Source "ChessBase"]
[SourceQuality "1"]

{[%evp 14,56,43,33,43,34,43,41,60,56,93,72,179,118,130,96,97,85,90,81,90,79,79,94,101,108,195,200,200,194,268,196,318,319,319,314,316,314,803,812,863,861,1133,1130,29986]} 1. e4 c6 2. d4 d5 3. f3 Nf6 4. e5 Nfd7 5. f4 e6 6. Nf3 c5 7. c3 Nc6 8. Be3 Qb6 {C01: French: Exchange Variation.} 9. Qd2 Be7 10. Be2 {[#]} g6 $146 {White is slightly better.} ({Predecessor:} 10... O-O 11. O-O f6 12. Na3 cxd4 13. cxd4 a6 14. Nc2 Qd8 15. Rac1 Nb6 16. b3 Bd7 {1-0 (38) Sveshnikov,E (2527)-Gislason,G (2291) Reykjavik 2011}) 11. O-O f5 12. Kh1 Nf8 (12... O-O $16 {might work better.}) 13. c4 ({White should try} 13. Na3 $18) 13... cxd4 $16 14. Nxd4 {Strongly threatening cxd5.} Bc5 {[%cal Rc5d4]} 15. Rd1 Bxd4 16. Bxd4 Nxd4 17. Qxd4 Qxd4 18. Rxd4 dxc4 19. Na3 Bd7 (19... c3 $16 {was necessary.}) 20. Nxc4 $18 Bc6 21. Bf3 Bxf3 (21... Kf7 $142 22. Bxc6 bxc6 23. Nd6+ Kg8) 22. gxf3 Rd8 (22... Kf7 $142 23. Nd6+ Kg8 24. Nxb7 h6) 23. Nd6+ {[%mdl 64] [#] Double Attack} Ke7 24. Rc1 g5 25. fxg5 h6 $2 (25... Rd7 26. f4 Ng6) 26. gxh6 {White is clearly winning.} Rxh6 27. Rc7+ {[%mdl 64] [#] Double Attack} Rd7 28. Rc8 {[%csl Gd6][%cal Rc8e8]} Rxh2+ {Accuracy: White = 77%, Black = 32%.} 1-0

[Event "32nd GER-ch Seniors-50 2020"]
[Site "Magdeburg"]
[Date "2020.08.18"]
[Round "5.3"]
[White "Becker, Michael"]
[Black "Kahe, Ralph"]
[Result "1/2-1/2"]
[WhiteElo "2275"]
[BlackElo "2165"]
[Annotator "TA"]
[PlyCount "29"]
[EventDate "2020.08.14"]
[EventType "swiss"]
[EventCountry "GER"]
[SourceTitle "playchess.com"]
[Source "ChessBase"]
[SourceQuality "1"]

{[%evp 11,16,35,36,3,13,8,23]} 1. e4 g6 2. d4 Bg7 3. Nc3 a6 4. Nf3 d6 5. Be2 b5 6. O-O Bb7 7. a3 {B06: Modern Defence.} Nd7 8. Be3 Ngf6 {[#] An uneventful encounter.} {Predecessor:} 9. e5 $146 Nd5 10. Nxd5 Bxd5 11. exd6 cxd6 12. b3 O-O 13. c4 bxc4 14. bxc4 Bb7 15. Rb1 {½-½ (26) Gamback,B (2101)-Ross,P (2237) Rhodes 2019} 1/2-1/2

[Event "32nd GER-ch Seniors-50 2020"]
[Site "Magdeburg"]
[Date "2020.08.18"]
[Round "5.4"]
[White "Namyslo, Holger"]
[Black "Biebinger, Gerhard"]
[Result "0-1"]
[WhiteElo "2149"]
[BlackElo "2226"]
[Annotator "TA"]
[PlyCount "90"]
[EventDate "2020.08.14"]
[EventType "swiss"]
[EventCountry "GER"]
[SourceTitle "playchess.com"]
[Source "ChessBase"]
[SourceQuality "1"]

{[%evp 11,90,0,0,-54,-38,-58,-52,-45,-59,-61,-54,-54,-46,-50,-41,-41,-24,-16,-20,-24,-26,-28,-12,-26,8,0,0,0,17,4,4,-21,4,2,34,0,2,-6,0,0,23,22,25,0,0,0,0,0,22,0,39,-16,0,-186,-181,-239,-236,-276,-298,-379,-362,-370,-375,-381,-378,-333,-245,-29968,-29969,-29966,-12433,-6191,-5406,-5402,-5397,-29984,-29984,-29986,-29987,-29993,-29976]} 1. e4 c6 2. d4 d5 3. e5 Bf5 4. Bd3 Bxd3 5. Qxd3 e6 6. Ne2 c5 7. dxc5 {B12: Caro-Kann: Advance Variation.} (7. c3 $11) 7... Nc6 $15 8. Bf4 Bxc5 9. O-O {Black is slightly better.} Nge7 10. Nd2 Ng6 11. Nf3 {[#]} O-O $146 ({Predecessor:} 11... h5 12. c4 Nb4 13. Qb3 dxc4 14. Qxc4 Rc8 15. Qb5+ Qd7 16. Qxd7+ Kxd7 17. Rfd1+ Ke7 {½-½ (47) Brezmen,P (2131)-Hosek,M (2302) Czechia 2009}) 12. Bg3 Rc8 13. c3 Be7 14. Rfe1 a6 15. Rad1 b5 16. a3 Na5 17. Ned4 Nc6 (17... Re8 {with more complications.} 18. Re2 Bc5 19. h3 Bb6 20. Ree1 Qc7) 18. Nxc6 Rxc6 19. Nd4 Rb6 20. f4 Bc5 21. Qf3 Rc6 22. Bf2 Bxd4 23. Rxd4 (23. Bxd4 {is more complex.} Qh4 24. g4 Ne7 25. Rf1 Rcc8 26. h3) 23... Rc4 24. g4 Rxd4 25. Bxd4 Ne7 26. f5 Nc6 27. f6 Nxd4 28. cxd4 gxf6 29. exf6 $11 {[%mdl 4096] Endgame KQR-KQR} Kh8 30. Qf4 b4 31. Re3 (31. Kf2 $14) 31... bxa3 32. Qh6 $2 (32. Rxa3 $11 {and White is okay.} Qb6 33. Qf2) 32... Rg8 $19 33. Rxa3 (33. bxa3 {was necessary.} Qb8 34. h3) 33... Qb6 {[%mdl 64] [#] Double Attack} ({Inferior is} 33... Rxg4+ 34. Rg3 $11) 34. Qf4 Qxb2 35. Rf3 a5 {[%cal Ba6a5,Ba5a4,Ba4a3,Ba3a2][%mdl 32]} 36. h3 a4 37. Qe3 Ra8 38. Rf2 Qb4 39. Rd2 $2 (39. Qh6 $19 Rg8 40. Qe3) 39... a3 40. Qh6 Rg8 (40... Qb1+ $142 41. Kg2 Rg8 42. Kf3 a2 43. Rxa2 Qxa2 44. Kg3 Qa3+ 45. Kf2 Qb2+ {[%mdl 64] Double Attack} 46. Kg3 Qc3+ 47. Kf2 Qxd4+ 48. Qe3 Qxf6+ 49. Qf3 Qe5 50. Qe2 Qh2+ {[%mdl 64] Double Attack} 51. Ke1 Qg1+ 52. Qf1 Qd4 53. Qf2 Qa1+ 54. Ke2 Ra8 55. Qe3 Ra2+ 56. Kf3 {[#]} Ra3 $1 {[%mdl 512]} 57. Ke2 Rxe3+ 58. Kxe3 Qc3+ 59. Kf2 d4 60. g5 Qe3+ {[%mdl 64] Double Attack} 61. Kf1 d3 62. g6 d2 63. Kg2 d1=Q 64. g7+ Kxg7 65. h4 Qdg1#) 41. Kg2 Qb3 42. Qf4 a2 43. Qf1 Ra8 {Black mates.} 44. Qa1 Qb1 45. Rd1 Qxd1 {Accuracy: White = 62%, Black = 89%.} 0-1

[Event "32nd GER-ch Seniors-50 2020"]
[Site "Magdeburg"]
[Date "2020.08.18"]
[Round "5.5"]
[White "Koehler, Gerhard"]
[Black "Lindam, Ingo"]
[Result "1-0"]
[WhiteElo "2213"]
[BlackElo "2142"]
[Annotator "ChessBase"]
[PlyCount "99"]
[EventDate "2020.08.14"]
[EventType "swiss"]
[EventCountry "GER"]
[SourceTitle "playchess.com"]
[Source "ChessBase"]
[SourceQuality "1"]
[TimeControl "40/5400+30:1800+30"]

1. c4 {[%emt 0:00:00]} Nf6 {[%emt 0:01:06]} 2. Nc3 {[%emt 0:00:00]} g6 {[%emt 0:00:07]} 3. e4 {[%emt 0:00:00]} d6 {[%emt 0:00:03]} 4. d4 {[%emt 0:00:04]} Bg7 {[%emt 0:00:13]} 5. Be2 {[%emt 0:00:20]} O-O {[%emt 0:00:03]} 6. Nf3 {[%emt 0:00:10]} Na6 {[%emt 0:00:12]} 7. O-O {[%emt 0:00:14]} e5 {[%emt 0:00:12]} 8. Re1 {[%emt 0:00:23]} c6 {[%emt 0:00:17]} 9. Bf1 {[%emt 0:01:42]} exd4 {[%emt 0:00:25]} 10. Nxd4 {[%emt 0:00:27]} Ng4 {[%emt 0:00:13]} 11. Nf3 {[%emt 0:06:38]} Nc5 {[%emt 0:05:52]} 12. h3 {[%emt 0:09:30]} Ne5 {[%emt 0:00:39]} 13. Nd4 {[%emt 0:17:59]} Ned3 {[%emt 0:17:37]} 14. Bxd3 {[%emt 0:00:27]} Bxd4 {[%emt 0:00:08]} 15. Bf1 {[%emt 0:01:12]} Qf6 {[%emt 0:03:24]} 16. Qc2 {[%emt 0:01:57]} Ne6 {[%emt 0:03:14]} 17. Be3 {[%emt 0:02:30]} Be5 {[%emt 0:04:14]} 18. Qd2 {[%emt 0:11:09]} g5 {[%emt 0:20:46]} 19. Rab1 {[%emt 0:07:40]} Kh8 {[%emt 0:01:15]} 20. Be2 {[%emt 0:10:16]} Nf4 {[%emt 0:04:09]} 21. Bg4 {[%emt 0:00:22]} Bxg4 {[%emt 0:09:13]} 22. hxg4 {[%emt 0:00:17]} Qe6 {[%emt 0:00:26]} 23. Bxf4 {[%emt 0:00:29]} gxf4 {[%emt 0:04:52]} 24. f3 {[%emt 0:04:12]} Rg8 {[%emt 0:09:00]} 25. Kf2 {[%emt 0:04:31]} Qxc4 {[%emt 0:01:01]} 26. Rh1 {[%emt 0:00:20]} Bd4+ {[%emt 0:03:10]} 27. Ke1 {[%emt 0:00:09]} d5 {[%emt 0:06:42]} 28. Qxf4 {[%emt 0:07:40]} dxe4 {[%emt 0:01:01]} 29. Nxe4 {[%emt 0:03:06]} Rae8 {[%emt 0:02:49]} 30. Kd2 {[%emt 0:06:31]} Rg6 {[%emt 0:01:47]} 31. b3 {[%emt 0:02:14]} Qd5 {[%emt 0:00:42]} 32. Kc2 {[%emt 0:00:30]} Be5 {[%emt 0:00:14]} 33. Qd2 {[%emt 0:00:36]} Qxd2+ {[%emt 0:00:34]} 34. Kxd2 {[%emt 0:00:25]} Rd8+ {[%emt 0:00:06]} 35. Ke3 {[%emt 0:00:34]} f5 {[%emt 0:00:40]} 36. gxf5 {[%emt 0:00:56]} Rxg2 {[%emt 0:00:12]} 37. Rh5 {[%emt 0:01:00]} Bc7 {[%emt 0:01:09]} 38. f4 {[%emt 0:00:57]} Bb6+ {[%emt 0:00:24]} 39. Kf3 {[%emt 0:00:19]} Rg7 {[%emt 0:00:06]} 40. Ng5 {[%emt 0:00:46]} Rd3+ {[%emt 0:00:36]} 41. Kg4 {[%emt 0:31:27]} Bd8 {[%emt 0:11:25]} 42. Re1 {[%emt 0:00:00]} Bxg5 {[%emt 0:01:06]} 43. Rxg5 {[%emt 0:00:00]} h5+ {[%emt 0:06:39]} 44. Kxh5 {[%emt 0:00:00]} Rd8 {[%emt 0:09:02]} 45. f6 {[%emt 0:00:00]} Rf7 {[%emt 0:00:40]} 46. Kg6 {[%emt 0:00:00]} Rh7 {[%emt 0:02:55]} 47. Re7 {[%emt 0:00:00]} Rg8+ {[%emt 0:00:40]} 48. Kf5 {[%emt 0:00:00]} Rf8 {[%emt 0:01:41]} 49. Rxh7+ {[%emt 0:00:00]} Kxh7 {[%emt 0:00:07]} 50. Ke6 {[%emt 0:00:00]} 1-0

[Event "32nd GER-ch Seniors-50 2020"]
[Site "Magdeburg"]
[Date "2020.08.18"]
[Round "5.6"]
[White "Stahr, Ralf-Peter"]
[Black "Metz, Hartmut"]
[Result "1/2-1/2"]
[WhiteElo "2137"]
[BlackElo "2209"]
[Annotator "TA"]
[PlyCount "103"]
[EventDate "2020.08.14"]
[EventType "swiss"]
[EventCountry "GER"]
[SourceTitle "playchess.com"]
[Source "ChessBase"]
[SourceQuality "1"]

{[%evp 9,103,14,9,8,9,9,9,9,11,0,2,6,8,0,0,-17,-25,-81,-16,-73,-46,-102,-93,-103,-89,-111,-108,-155,-95,-99,-88,-128,-128,-122,-8,-8,-15,-51,-36,-159,-175,-155,-152,-173,-161,-176,-169,-165,-126,-133,-120,-130,-132,-138,-134,-197,-139,-132,-137,-124,-73,-74,-50,-63,-57,-63,0,0,0,-54,-56,-37,0,0,0,0,0,-118,-112,-116,-26,-19,-16,-18,-18,-18,-18,-74,-74,-71,-75,-76,0,0,0,-1]} 1. c4 c6 2. Nf3 d5 3. e3 Nf6 4. Nc3 a6 5. b3 Bg4 6. h3 {A11: English Opening: 1...c6.} Bh5 7. Be2 e6 8. O-O Bd6 9. d4 Nbd7 10. Bb2 O-O 11. a4 {[#]} Re8 $146 ({Predecessor:} 11... Qe7 12. Qc2 Rfe8 13. Rfd1 Bg6 14. Qc1 Rac8 {½-½ (14) Schiendorfer,R (2299)-Riedener,T (2421) ICCF email 2007}) 12. Qc2 Rc8 13. e4 (13. c5 $11 Bc7 14. b4) 13... c5 (13... Bg6 $17 {Black wants to play ...c5.} 14. Bd3 e5 15. dxe5 Nxe5 16. Nxe5 Bxe5) 14. dxc5 (14. exd5 $11 exd5 15. Nxd5) 14... Bxc5 15. Rad1 (15. exd5 $15 exd5 16. Rad1) 15... Bg6 $17 {[%cal Rd5e4]} 16. Bd3 dxc4 17. Bxc4 Qc7 18. Nh4 Bh5 (18... Ne5 $142 19. Kh1 Nxc4 20. bxc4 Be7) 19. Be2 Ne5 20. Kh1 Bb4 21. Rc1 Nc6 (21... Red8 $17 {Strongly threatening ...Bxc3.} 22. Rfd1 Qb6 23. Rxd8+ Qxd8) 22. Bxh5 $11 Nxh5 23. Qe2 g6 $40 {[%mdl 128] Black is up to no good.} 24. Qe3 {[#]} ({White should play} 24. Nf3 $15) 24... Qf4 $1 $17 {[%cal Rf4h4]} 25. Qxf4 Nxf4 26. Na2 Be7 27. Nf3 Nd3 28. Rc2 Nxb2 29. Rxb2 Red8 30. Rc2 Na5 31. Rxc8 Rxc8 32. b4 (32. Rc1 $17 Rxc1+ 33. Nxc1) 32... Rc2 ({Better is} 32... Nb3 $19 33. Rb1 Rc2 {[%mdl 64] Double Attack} 34. Rxb3 Rxa2) 33. bxa5 Rxa2 {[%mdl 4096] Endgame KRB-KRN} 34. Rb1 Rxa4 ({Black should try} 34... Bd6 35. e5 Bc5 36. Rxb7 Bxf2) 35. Rxb7 Kf8 36. Rb8+ $1 Kg7 37. Rb7 Kf8 38. Rb8+ $1 Kg7 39. Rb7 Bc5 40. Ng5 {Hoping for Nxe6+.} Rxa5 {White must now prevent ...Bd6.} (40... Bxf2 $5 {[%cal Rf2g3]} 41. Kh2 Bh4 42. Nxe6+ Kf6 $15) 41. Rxf7+ Kg8 42. Rd7 Bxf2 43. Nxe6 {[#]} (43. Nxh7 $11 Bh4 44. g4) 43... Bg3 $1 {( -> ...Ra1+)} 44. Rd1 Re5 (44... Kf7 $17 45. Nd8+ Kg7) 45. Nc7 $11 a5 {aiming for ...Rc5.} 46. Rd3 Bf2 47. Nd5 {And now Nf6+ would win.} Kg7 48. Rf3 (48. Ra3 $1 $11 {keeps the balance.}) 48... Bd4 $17 49. Ra3 Rxe4 50. Rxa5 Re5 (50... Re1+ $17 51. Kh2 Be5+ 52. g3 Re2+ 53. Kg1 Bxg3 54. Ra7+ Kh6) 51. g3 $11 h5 52. Kg2 {White happily takes the draw. Accuracy: White = 73%, Black = 72%.} 1/2-1/2

[Event "32nd GER-ch Seniors-50 2020"]
[Site "Magdeburg"]
[Date "2020.08.18"]
[Round "5.7"]
[White "Loew, Gerald"]
[Black "Vatter, Hans-Joachim"]
[Result "1/2-1/2"]
[WhiteElo "2152"]
[BlackElo "2204"]
[Annotator "TA"]
[PlyCount "37"]
[EventDate "2020.08.14"]
[EventType "swiss"]
[EventCountry "GER"]
[SourceTitle "playchess.com"]
[Source "ChessBase"]
[SourceQuality "1"]

{[%evp 19,24,29,36,12,10,27,32]} 1. c4 Nf6 2. Nc3 e6 3. e4 d5 4. e5 d4 5. exf6 dxc3 6. bxc3 Qxf6 7. Nf3 h6 8. d4 c5 9. Bd3 cxd4 $1 {[%mdl 4] is currently scoring better than 9...Nc6.} 10. cxd4 Bb4+ 11. Bd2 {A18: English Opening: Flohr-Mikenas System (1 c4 Nf6 2 Nc3 e6 3 e4).} Bxd2+ 12. Qxd2 O-O {[#] Not much happened in this game.} {Predecessor:} 13. O-O $146 Nd7 14. Qe3 Rd8 15. Qe4 Nf8 16. Rab1 Qe7 17. c5 Qc7 18. Rb3 Rb8 19. Rfb1 {½-½ (42) Nepomniachtchi,I (2735)-Aleksandrov,A (2612) Moscow 2012} 1/2-1/2

[Event "32nd GER-ch Seniors-50 2020"]
[Site "Magdeburg"]
[Date "2020.08.18"]
[Round "5.8"]
[White "Spiess, Thomas"]
[Black "Schober, Ralf"]
[Result "1/2-1/2"]
[WhiteElo "1976"]
[BlackElo "2030"]
[Annotator "RC"]
[PlyCount "47"]
[EventDate "2020.08.14"]
[EventType "swiss"]
[EventCountry "GER"]
[SourceTitle "playchess.com"]
[Source "ChessBase"]
[SourceQuality "1"]
[TimeControl "40/5400+30:1800+30"]

1. Nf3 {[%emt 0:00:00]} d6 {[%emt 0:00:27]} 2. d4 {[%emt 0:00:00]} Bg4 {[%emt 0:01:22]} 3. e4 {[%emt 0:00:01]} Nc6 {[%emt 0:03:18]} 4. d5 {[%emt 0:03:27]} Ne5 {[%emt 0:04:10]} 5. Be2 {[%emt 0:06:17]} Nxf3+ {[%emt 0:04:19]} 6. Bxf3 {[%emt 0:00:12]} Bxf3 {[%emt 0:00:08]} 7. Qxf3 {[%emt 0:00:10]} g6 {[%emt 0:00:08]} 8. c4 {[%emt 0:01:36]} Bg7 {[%emt 0:01:04]} 9. Nc3 {[%emt 0:00:28]} Nf6 {[%emt 0:00:53]} 10. Be3 {[%emt 0:00:36]} O-O {[%emt 0:00:14]} 11. Bd4 {[%emt 0:01:09]} Nd7 {[%emt 0:03:30]} 12. Bxg7 {[%emt 0:00:28]} Kxg7 {[%emt 0:00:34]} 13. O-O {[%emt 0:00:22]} e5 {[%emt 0:01:11]} 14. Qe3 {[%emt 0:01:26]} f5 {[%emt 0:02:36]} 15. f3 {[%emt 0:00:26]} fxe4 {[%emt 0:04:20]} 16. Nxe4 {[%emt 0:00:10]} h6 {[%emt 0:00:08]} 17. g3 {[%emt 0:02:42]} Qe7 {[%emt 0:01:07]} 18. Rf2 {[%emt 0:00:39]} Nf6 {[%emt 0:02:06]} 19. Raf1 {[%emt 0:00:59]} Nxe4 {[%emt 0:00:22]} 20. fxe4 {[%emt 0:00:05]} b6 {[%emt 0:00:18]} 21. Rxf8 {[%emt 0:00:46]} Rxf8 {[%emt 0:00:09]} 22. Rxf8 {[%emt 0:00:16]} Qxf8 {[%emt 0:00:09]} 23. Qf2 {[%emt 0:00:46]} Qxf2+ {[%emt 0:03:07]} 24. Kxf2 {[%emt 0:00:15]} 1/2-1/2